Informatizácia verejnej správy

Informácie - základný faktor pri riadení procesov v spoločnosti. Verejný informačný systém. Analýza súčasného stavu informatizácie na Slovensku. Hodnotenie informatizácie verejnej správy. Operačný program Informatizácia spoločnosti. SWOT analýza. Základné princípy informatizácie verejnej správy. Hla...

Celý popis

Uložené v:
Podrobná bibliografia
Hlavný autor: Hrašková, Dagmar
Médium: Kapitola
Jazyk:Slovak
Predmet:
Tagy: Pridať tag
Žiadne tagy, Buďte prvý, kto otaguje tento záznam!

MARC

LEADER 00000naa$a2200000$$$4500
001 0078011
005 20231013072553.0
041 0 |a slo 
044 |a SK 
245 1 0 |a Informatizácia verejnej správy  |c Dagmar Hrašková 
520 |a Informácie - základný faktor pri riadení procesov v spoločnosti. Verejný informačný systém. Analýza súčasného stavu informatizácie na Slovensku. Hodnotenie informatizácie verejnej správy. Operačný program Informatizácia spoločnosti. SWOT analýza. Základné princípy informatizácie verejnej správy. Hlavné prínosy informatizácie verejnej správy. Kritické faktory úspešnosti zavedenia elektronických služieb. 
610 2 0 |a správa verejná 
610 2 0 |a informatizácia 
610 2 0 |a informácie 
610 2 0 |a systémy informačné 
610 2 0 |a programy 
610 2 0 |a analýza swot 
610 2 0 |a Slovensko 
100 1 |a Hrašková, Dagmar